Cat Power "The Greatest" Lyrics - Statistics

General Stats
  • This quiz has been taken 6 times
  • The average score is 89 of 156
Answer Stats
Lyrics % Correct
a
100%
And
100%
be
100%
down
100%
greatest
100%
I
100%
me
100%
Once
100%
the
100%
to
100%
To
100%
wanted
100%
at
75%
in
75%
night
75%
No
75%
no
75%
of
75%
dust
50%
flood
50%
For
50%
Into
50%
later
50%
Lower
50%
or
50%
parade
50%
rock
50%
rush
50%
Secure
50%
Stars
50%
then
50%
Two
50%
your
50%
armor
25%
been
25%
big
25%
black
25%
came
25%
could
25%
culprit
25%
deep
25%
fists
25%
grace
25%
honor
25%
I've
25%
Just
25%
Leave
25%
my
25%
sleeping
25%
solid
25%
south
25%
space
25%
stop
25%
that
25%
waterfall
25%
wind
25%
Any
0%
bed
0%
brains
0%
dregs
0%
explain
0%
feeling
0%
grounds
0%
lead
0%
Make
0%
Melt
0%
Pin
0%
them
0%
town
0%
trace
0%
turned
0%
wash
0%
With
0%
No matching quizzes found
Score Distribution
Percent of People with Each Score
Percentile by Number Answered
Your Score History
You have not taken this quiz